000
00317pam a2200133 a 4500
020
_c
041
_h
082
_a
741.6
_b
NEW
100
_a
John Jonathan Newey .
245
_a
How to Draw Wild Animals
_h
Textual Documents
260
_a
[s.l]:
_b
Search press U.K. ,
_c
2015.
300
_a
32:
_b
paper.
930
_a
7459
999
_c
241249
_d
241249